00534nam a2200193 a 4500020002700000020003000027020001800057082001200075100001900087245001500106250002400121260005300145300001000198300001000208520002100218650001400239700001700253856007000270 a813172123X (paperback) a9788131721230 (paperback) a9789332519022 a540 MCM1 aMcMurry,John.E10aChemistry  a5th ed. and 6th ed. aIndiabDorling Kindersley,bPearsonc2008.c2014 a1014p a1063p aBook by McMurry. achemistry aFay,Robert.c40uhttp://www.amazon.com/exec/obidos/ASIN/813172123X/chopaconline-20